000 00364nam a22001457a 4500
020 _a978-04-3969-139-0
082 _a823
_bSTI/C
100 _aSTILTON,GERONIMO
245 _aA CHEESE-COLORED CAMPER
246 _aA CHEESE-COLORED CAMPER
_bA CHEESE-COLORED CAMPER
260 _aLONDON
_bSCHOLASTIC
_c2022
300 _a111
650 _aENGLISH FICTION
942 _cBK
999 _c8998
_d8998